000 00540cam a2200205 4500
001 J1120
008 090401t1992 xxu||||| |||| 00| 0 eng d
035 _a(Sirsi) u41867
041 _aeng
050 _a711.552
110 _aHillier Parker Research
_92002
245 _aShop expansion plans. - November 1992.
260 _aLondon
_bHillier Parker May and Rowden
_c1992
300 _a1 sheet ; 30cm.
350 _a0
650 _aSHOPS
690 _aPROPERTY-COMMERCIAL PROPERTY-RETAIL PROPERTY
942 _n0
948 _c04/03/1997
999 _c90995
_d90995